Obálka Náhled e-knihy:
PDF Epub
Pro půjčování e-knih musíte být přihlášeni.
Jak si půjčit online?

Stranger things. Temnota na okraji města /

Temný krimithriller ze světa populárního fantaskně hororového seriálu Stranger Things. Newyorský policejní náčelník Hopper se musí postavit nepěkným pozůstatkům své minulosti...

Uloženo v:
Série:Stranger things, část 2
Hlavní autor: Christopher, Adam, 1978- (Autor)
Další autoři: Šmíd, Darek, 1977- (Autor)
Médium: E-kniha
Jazyk:Czech
Vydáno: Praha : Dobrovský s.r.o., 2020
Edice:Fobos
Témata:
Příbuzné jednotky:Přeloženo z: Stranger things
Z cyklu:: Stranger things
Tagy:
Žádné tagy
LEADER 03069nam a2200481 i 4500
001 311203
003 CZ PrSKC
005 20260601215701.0
007 ta
008 200514s2020 xr g 000 f cze
015 |a cnb003083730 
020 |a 9788075857903  |q (vázáno) 
035 |a (OCoLC)1200255513 
040 |a ABG001  |b cze  |e rda 
041 1 |a cze  |h eng 
072 7 |a 821.111-3  |x Anglická próza, anglicky psaná  |2 Konspekt 
080 |a 821.111(931)-31  |2 MRF 
080 |a (0:82-312.4)  |2 MRF 
100 1 |a Christopher, Adam,  |d 1978-  |7 xx0210898  |4 aut 
240 1 0 |a Darkness on the edge of town.  |l Česky 
245 1 0 |a Stranger things.  |p Temnota na okraji města /  |c Adam Christopher ; z anglického originálu Stranger things - Darkness on the edge of town přeložil Darek Šmíd 
246 3 0 |a Temnota na okraji města 
264 1 |a Praha :  |b Dobrovský s.r.o.,  |c 2020 
300 |a 392 stran ;  |c 21 cm 
336 |a text  |b txt  |2 rdacontent 
337 |a bez média  |b n  |2 rdamedia 
338 |a svazek  |b nc  |2 rdacarrier 
490 1 |a Fobos 
520 2 |a Temný krimithriller ze světa populárního fantaskně hororového seriálu Stranger Things. Newyorský policejní náčelník Hopper se musí postavit nepěkným pozůstatkům své minulosti...  |b Vánoce, Hawkins, 1984. Policejní náčelník Jim Hopper chce strávit klidné Vánoce, ale jeho adoptivní dcera má jiné plány. Ze sklepa vytáhne krabici s nápisem „New York“ a vzápětí přijdou těžké otázky. Přestože by raději čelil hromadě nepřátel z jiného světa, než aby mluvil o své minulosti, Hopper ví, že pravdu už nelze dál popírat. A tak začíná příběh o jisté události v New Yorku - posledním velkém případu před tím, než se všechno změnilo... Léto, New York City, 1977. Hopper se vrací z Vietnamu a začíná znovu. Malá dcerka, pečující manželka a zbrusu nová práce detektiva mu návrat do civilního života usnadňují. Když se však objeví záhadní federální agenti a zmocní se složek o brutálních, nevyřešených vraždách, Hopper vezme věci do vlastních rukou, přičemž riskuje všechno, aby odhalil pravdu. Nakladatelská anotace. Kráceno. 
546 |a Český text 
655 7 |a novozélandské romány  |7 fd132920  |2 czenas 
655 7 |a thrillery (romány)  |7 fd184206  |2 czenas 
655 9 |a New Zealand fiction  |2 eczenas 
655 9 |a thrillers (novels)  |2 eczenas 
700 1 |a Šmíd, Darek,  |d 1977-  |7 xx0103109  |4 trl 
765 0 |t Stranger things 
787 0 8 |i Z cyklu:  |t Stranger things  |g 2 
830 0 |a Fobos 
900 |a ABA001  |b 21 
044 |a xr 
910 |a RBIT002 
998 |d 207075  |a https://core.palmknihy.cz/api/books/207075/cover?qc239j  |b https://core.palmknihy.cz/api/books/207075/cover/400?qc239j  |c https://core.palmknihy.cz/api/books/207075/cover/50?qc239j  |e 2026-12-31  |i 9788075857903  |j https://core.palmknihy.cz/api/books/207075/preview.epub  |k https://core.palmknihy.cz/api/books/207075/preview.pdf  |l   |q 49  |r 1  |s https://www.palmknihy.cz/kniha/207075  |t ebook  |y 2020  |z 0  |v Stranger Things  |w 2 
999 |d 311201